000 00291nam a22001337a 4500
008 170502b xxu||||| |||| 00| 0 eng d
020 _a9781583605325
041 _aeng
080 _a343.9
100 _a13
101 _aSHJ
245 _aBIOSOCIAL CRIMINOLOGY
_cWALSH.A
942 _2udc
_cBK
999 _c12475
_d12475